[Event "Mumbai Mayors Cup 10th"]
[Site "Mumbai"]
[Date "2017.06.11"]
[Round "10"]
[White "Sanjeev, Kumar"]
[Black "Parthasarathy, R."]
[Result "1-0"]
[WhiteElo "2076"]
[BlackElo "1949"]
[PlyCount "118"]
[EventDate "2017.06.04"]
[EventType "swiss"]
[EventRounds "10"]
[EventCountry "IND"]
[SourceTitle "CBM 178 Extra"]
[Source "ChessBase"]
[SourceDate "2017.06.22"]
[SourceVersion "1"]
[SourceVersionDate "2017.06.22"]
[SourceQuality "1"]

1. e4 e5 2. Nf3 Nc6 3. Bb5 a6 4. Ba4 d6 5. 0-0 Bd7 6. c3 Nf6 7. Re1 g6 8. d4 Bg7 9. Nbd2 0-0 10. Nf1 Qe7 11. Ng3 a5 12. Bxc6 Bxc6 13. d5 Bd7 14. c4 h6 15. b3 Nh7 16. Ba3 b6 17. Rc1 h5 18. h3 Qd8 19. Rc3 h4 20. Nf1 f5 21. Bc1 Qf6 22. N3d2 Bh6 23. Nf3 Bxc1 24. Qxc1 fxe4 25. Rxe4 Bf5 26. Re2 e4 27. N3h2 Ng5 28. f4 exf3 29. Nxf3 Nxf3+ 30. Rxf3 Rae8 31. Qe1 Rxe2 32. Qxe2 Qd8 33. Qf2 Bd3 34. Nd2 Rxf3 35. Nxf3 Qf6 36. Qd2 Be4 37. Nd4 Bf5 38. a3 Qe5 39. b4 axb4 40. axb4 Bd7 41. Nf3 Qg3 42. Qf2 b5 43. cxb5 Bf5 44. Nxh4 Qxf2+ 45. Kxf2 Be4 46. Ke3 Bxd5 47. Nxg6 Bxg2 48. Nf4 Bf1 49. Nd5 Bxh3 50. Nxc7 Kf7 51. b6 Bg2 52. Kd4 Ke7 53. Nd5+ Bxd5 54. Kxd5 Kd7 55. b5 Kc8 56. Kxd6 Kb7 57. Kc5 Kc8 58. Kc6 Kb8 59. b7 Ka7 1-0

[Event "Mumbai Mayors Cup 10th"]
[Site "Mumbai"]
[Date "2017.06.10"]
[Round "9"]
[White "Mithil, Ajgaonkar"]
[Black "Sanjeev, Kumar"]
[Result "1-0"]
[WhiteElo "2203"]
[BlackElo "2076"]
[PlyCount "113"]
[EventDate "2017.06.04"]
[EventType "swiss"]
[EventRounds "10"]
[EventCountry "IND"]
[SourceTitle "CBM 178 Extra"]
[Source "ChessBase"]
[SourceDate "2017.06.22"]
[SourceVersion "1"]
[SourceVersionDate "2017.06.22"]
[SourceQuality "1"]

1. d4 Nf6 2. Nf3 g6 3. g3 Bg7 4. Bg2 0-0 5. 0-0 d6 6. c4 Nbd7 7. Nc3 c6 8. e4 e5 9. h3 Re8 10. Be3 exd4 11. Nxd4 Nc5 12. Qc2 Qe7 13. Rfe1 Bd7 14. Nb3 Na6 15. Rad1 Be6 16. Qe2 Nd7 17. Nd4 Ne5 18. b3 c5 19. Ndb5 Rad8 20. Rd2 Nc7 21. Red1 Nc6 22. Nxc7 Qxc7 23. Nb5 Qb6 24. Nxd6 Rf8 25. Bg5 Nd4 26. Rxd4 Bxd4 27. Bxd8 Qxd6 28. Ba5 Qa6 29. Bc7 b6 30. Kh2 Qc8 31. Bf4 Re8 32. Bh6 Qc7 33. Qf3 Qe7 34. Qf4 Bc8 35. Qd2 Bb7 36. Be3 Rd8 37. Qe2 Kg7 38. Bxd4+ cxd4 39. e5 Bxg2 40. Kxg2 a5 41. Qe4 d3 42. Rxd3 Rxd3 43. Qxd3 Qxe5 44. Qe3 Qd6 45. a3 a4 46. Qc3+ f6 47. b4 h5 48. h4 Qc6+ 49. Kg1 Qe4 50. c5 bxc5 51. Qxc5 Qe1+ 52. Kh2 Kf7 53. b5 Qa5 54. Qc6 Qd2 55. Kg2 Qb2 56. b6 Qxa3 57. b7 1-0

[Event "Mumbai Mayors Cup 10th"]
[Site "Mumbai"]
[Date "2017.06.07"]
[Round "6"]
[White "Sanjeev, Kumar"]
[Black "Ziatdinov, Raset"]
[Result "1-0"]
[WhiteElo "2076"]
[BlackElo "2291"]
[PlyCount "57"]
[EventDate "2017.06.04"]
[EventType "swiss"]
[EventRounds "10"]
[EventCountry "IND"]
[SourceTitle "CBM 178 Extra"]
[Source "ChessBase"]
[SourceDate "2017.06.22"]
[SourceVersion "1"]
[SourceVersionDate "2017.06.22"]
[SourceQuality "1"]

1. e4 e5 2. Nf3 Nc6 3. Bb5 a6 4. Ba4 Nge7 5. 0-0 g6 6. c3 Bg7 7. d4 b5 8. Bb3 exd4 9. cxd4 Na5 10. Bc2 0-0 11. Nc3 Bb7 12. Bg5 h6 13. Bh4 d6 14. Re1 Nc4 15. Rb1 Re8 16. a4 b4 17. Ne2 c5 18. Nf4 cxd4 19. Bb3 Rc8 20. Qd3 Qc7 21. Rec1 g5 22. Rxc4 Qa5 23. Nh5 gxh4 24. Nxg7 Kxg7 25. Qxd4+ f6 26. Rxb4 Rc7 27. Qxd6 Nc8 28. Qd2 Bxe4 29. Rxe4 1-0

[Event "Mumbai Wealth op"]
[Site "Mumbai"]
[Date "2016.02.03"]
[Round "7"]
[White "Arjun, Adappa"]
[Black "Sanjeev, Kumar"]
[Result "1-0"]
[WhiteElo "1960"]
[BlackElo "2156"]
[PlyCount "127"]
[EventDate "2016.01.28"]
[EventType "swiss"]
[EventRounds "9"]
[EventCountry "IND"]
[SourceTitle "CBM 170 Extra"]
[Source "ChessBase"]
[SourceDate "2016.02.25"]
[SourceVersion "1"]
[SourceVersionDate "2016.02.25"]
[SourceQuality "1"]

1. c4 Nf6 2. g3 e5 3. Bg2 g6 4. Nc3 Bg7 5. d3 0-0 6. e4 d6 7. Nge2 Nc6 8. 0-0 Be6 9. Nd5 Nd7 10. Be3 f5 11. Qd2 a5 12. exf5 Bxf5 13. d4 Nf6 14. Bg5 exd4 15. Nxd4 Nxd4 16. Qxd4 c6 17. Nxf6+ Bxf6 18. Bxf6 Qxf6 19. Rad1 a4 20. Rd2 a3 21. Qxf6 Rxf6 22. b3 Re8 23. Rfd1 Kf7 24. Kf1 Ke7 25. Re1+ Re6 26. Rxe6+ Kxe6 27. Ke1 Kd7+ 28. Kd1 Kc7 29. Bf1 Kb6 30. Rxd6 Bg4+ 31. Kd2 Kc5 32. Rd3 Bf5 33. b4+ Kxb4 34. Rb3+ Kc5 35. Rxa3 Rd8+ 36. Kc1 Re8 37. Kd2 Rd8+ 38. Kc1 b6 39. Be2 Be6 40. Ra7 Bxc4 41. Bxc4 Kxc4 42. Rxh7 Re8 43. Kd2 Ra8 44. Rh4+ Kd5 45. a4 Rf8 46. Ke3 Re8+ 47. Kd3 Rf8 48. Rd4+ Kc5 49. f4 b5 50. axb5 cxb5 51. Re4 Ra8 52. Re6 Ra3+ 53. Ke4 b4 54. Rxg6 b3 55. Kd3 b2+ 56. Kc2 Rf3 57. Kxb2 Rf2+ 58. Kc3 Rxh2 59. Rg5+ Kd6 60. Kd4 Re2 61. Rd5+ Kc6 62. Re5 Rg2 63. Re3 Ra2 64. Ke5 1-0

[Event "Mumbai Wealth op"]
[Site "Mumbai"]
[Date "2016.01.30"]
[Round "3"]
[White "Khandelwal, Khushi"]
[Black "Sanjeev, Kumar"]
[Result "0-1"]
[WhiteElo "1684"]
[BlackElo "2156"]
[PlyCount "62"]
[EventDate "2016.01.28"]
[EventType "swiss"]
[EventRounds "9"]
[EventCountry "IND"]
[SourceTitle "CBM 170 Extra"]
[Source "ChessBase"]
[SourceDate "2016.02.25"]
[SourceVersion "1"]
[SourceVersionDate "2016.02.25"]
[SourceQuality "1"]

1. e4 c5 2. Nc3 Nc6 3. f4 g6 4. Nf3 Bg7 5. Bc4 e6 6. 0-0 Nge7 7. Qe1 a6 8. a4 0-0 9. d3 Nd4 10. Nxd4 cxd4 11. Ne2 d5 12. Bb3 dxe4 13. dxe4 Bd7 14. Qh4 d3 15. Ng3 dxc2 16. Bxc2 Rc8 17. Bd3 Nc6 18. Qh3 Nb4 19. Be2 f5 20. e5 Nc2 21. Rb1 Bxa4 22. b3 Qb6+ 23. Kh1 Rfd8 24. Bd1 Bb5 25. Rg1 Qxg1+ 26. Kxg1 Rxd1+ 27. Kf2 Nb4 28. Ne2 Nd3+ 29. Ke3 Nxc1 30. Nxc1 Rc3+ 31. Kf2 Rf1# 0-1

[Event "Goodricke op 05th"]
[Site "Kolkata"]
[Date "1994.??.??"]
[Round "7"]
[White "Crouch, Colin S"]
[Black "Sanjeev, Kumar"]
[Result "1-0"]
[WhiteElo "2410"]
[BlackElo "2285"]
[PlyCount "75"]
[EventDate "1994.02.??"]
[EventType "swiss"]
[EventRounds "11"]
[EventCountry "IND"]
[SourceTitle "CBM 039 Extra"]
[Source "ChessBase"]
[SourceDate "1994.05.01"]
[SourceVersion "1"]
[SourceVersionDate "1994.05.01"]
[SourceQuality "1"]

1. d4 Nf6 2. c4 g6 3. Nc3 Bg7 4. e4 d6 5. Nf3 0-0 6. h3 Nbd7 7. Bg5 h6 8. Be3 c6 9. Qd2 Kh7 10. g4 e5 11. g5 hxg5 12. dxe5 dxe5 13. Be2 Qe7 14. Nxg5+ Kg8 15. h4 Nc5 16. h5 Bg4 17. hxg6 fxg6 18. Bxg4 Nxg4 19. Nd5 Qd6 20. Bxc5 Qxc5 21. b4 Qxf2+ 22. Qxf2 Rxf2 23. Ne7+ Kf8 24. Nxg6+ Kg8 25. Rg1 Rh2 26. 0-0-0 Nf6 27. Ne7+ Kf8 28. Ng6+ Kg8 29. Kb1 Re8 30. Rde1 Nd7 31. Nf3 Rf2 32. Ngh4 Nb6 33. Nf5 Rxf3 34. Rxg7+ Kf8 35. Reg1 Re6 36. Rg8+ Kf7 37. R1g7+ Kf6 38. Rf8# 1-0

[Event "Kolkata op2"]
[Site "Kolkata"]
[Date "1994.??.??"]
[Round "?"]
[White "Sanjeev, Kumar"]
[Black "Gokhale, Jayant Suresh"]
[Result "0-1"]
[WhiteElo "2285"]
[BlackElo "2395"]
[PlyCount "120"]
[EventDate "1994.??.??"]
[EventType "swiss"]
[EventRounds "11"]
[EventCountry "IND"]
[SourceTitle "EXT 1997"]
[Source "ChessBase"]
[SourceDate "1996.11.15"]
[SourceVersion "1"]
[SourceVersionDate "1996.11.15"]
[SourceQuality "1"]

1. e4 e5 2. Nf3 Nc6 3. Bb5 a6 4. Ba4 Nf6 5. 0-0 Be7 6. Re1 b5 7. Bb3 d6 8. c3 0-0 9. h3 Nd7 10. d4 Bf6 11. a4 Bb7 12. Bc2 Re8 13. Be3 Ne7 14. Nbd2 c5 15. Nf1 g6 16. Qd2 Rc8 17. dxc5 Nxc5 18. axb5 axb5 19. Bg5 Bxg5 20. Qxg5 Ne6 21. Qh6 Kh8 22. Bb3 Ng8 23. Qe3 Nf6 24. Ng3 Qe7 25. Ra7 Nc5 26. Bc2 Rc7 27. b4 Ne6 28. Rea1 Rb8 29. R1a5 Qe8 30. Bb3 Nd8 31. Qg5 Ng8 32. Bd5 Rxc3 33. Qd2 Rc7 34. Qd3 Ne7 35. Bxb7 Rbxb7 36. Rxb7 Nxb7 37. Rxb5 Qc6 38. Kh2 Kg8 39. Ng5 h6 40. Nf3 Nc8 41. Rd5 Nb6 42. b5 Qc1 43. Rxd6 Nxd6 44. Qxd6 Qc5 45. Qd8+ Kh7 46. h4 Qe7 47. Qd3 h5 48. Ng5+ Kg7 49. Nf1 Qf6 50. Nf3 Nc4 51. Kg1 Qb6 52. Qd8 Rc5 53. Qg5 Qf6 54. Qc1 Qb6 55. Ng3 f6 56. Qd1 Nd6 57. Nf1 Rxb5 58. Qd3 Rb1 59. Kh2 Rb3 60. Qd5 Rxf3 0-1

[Event "Goodricke op 05th"]
[Site "Kolkata"]
[Date "1994.??.??"]
[Round "6"]
[White "Sanjeev, Kumar"]
[Black "Kuzmin, Alexey"]
[Result "1-0"]
[WhiteElo "2285"]
[BlackElo "2525"]
[PlyCount "79"]
[EventDate "1994.02.??"]
[EventType "swiss"]
[EventRounds "11"]
[EventCountry "IND"]
[SourceTitle "CBM 039 Extra"]
[Source "ChessBase"]
[SourceDate "1994.05.01"]
[SourceVersion "1"]
[SourceVersionDate "1994.05.01"]
[SourceQuality "1"]

1. e4 c5 2. Nf3 Nc6 3. d4 cxd4 4. Nxd4 e6 5. Nc3 Qc7 6. Be3 a6 7. Bd3 Nf6 8. 0-0 Ne5 9. h3 Bc5 10. Kh1 d6 11. f4 Ng6 12. Qe2 0-0 13. Rae1 b5 14. a3 e5 15. fxe5 dxe5 16. Rxf6 exd4 17. Nd5 Qe5 18. Rc6 Bd6 19. Bg1 Re8 20. Nb6 Bb7 21. Rxd6 Qxd6 22. Nxa8 Bxa8 23. Qf2 Rd8 24. e5 Nxe5 25. Qxd4 Qxd4 26. Bxd4 Nxd3 27. cxd3 Bc6 28. Rc1 Rd6 29. Be5 Rg6 30. Rc2 h6 31. Kg1 Bb7 32. Bf4 Re6 33. h4 Re1+ 34. Kf2 Rh1 35. Rc7 Bd5 36. Kg3 Rd1 37. Rc3 Kh7 38. Kf2 Kg6 39. g3 Kf5 40. Ke3 1-0

[Event "Kolkata op2"]
[Site "Kolkata"]
[Date "1994.??.??"]
[Round "?"]
[White "Shantanu, Lahiri"]
[Black "Sanjeev, Kumar"]
[Result "0-1"]
[WhiteElo "2155"]
[BlackElo "2285"]
[PlyCount "86"]
[EventDate "1994.??.??"]
[EventType "swiss"]
[EventRounds "11"]
[EventCountry "IND"]
[SourceTitle "EXT 1997"]
[Source "ChessBase"]
[SourceDate "1996.11.15"]
[SourceVersion "1"]
[SourceVersionDate "1996.11.15"]
[SourceQuality "1"]

1. d4 Nf6 2. c4 g6 3. Nc3 Bg7 4. e4 d6 5. Be2 0-0 6. Nf3 e5 7. 0-0 Nc6 8. d5 Ne7 9. Nd2 a5 10. a3 Nd7 11. Rb1 f5 12. b4 Kh8 13. Qc2 Ng8 14. f3 Ngf6 15. Bd3 f4 16. Nb5 g5 17. Be2 b6 18. Bb2 h5 19. c5 bxc5 20. bxc5 Ne8 21. cxd6 cxd6 22. a4 Ndf6 23. Rfc1 Rf7 24. Nc4 Bf8 25. Bc3 g4 26. Qd2 gxf3 27. gxf3 Rg7+ 28. Kh1 h4 29. Rg1 Nh5 30. Rxg7 Nexg7 31. Bf1 Kh7 32. Rb2 Ng3+ 33. hxg3 fxg3 34. f4 h3 35. f5 Qh4 36. Qe2 g2+ 37. Bxg2 hxg2+ 38. Kxg2 Nh5 39. Bd2 Bh6 40. Qe1 Qg4+ 41. Kh2 Bxf5 42. exf5 Rg8 43. Bxh6 Nf4 0-1

[Event "Goodricke op 03rd"]
[Site "Kolkata"]
[Date "1992.??.??"]
[Round "10"]
[White "Thipsay, Praveen Mahadeo"]
[Black "Sanjeev, Kumar"]
[Result "1-0"]
[WhiteElo "2485"]
[BlackElo "2275"]
[PlyCount "37"]
[EventDate "1992.01.??"]
[EventType "swiss"]
[EventRounds "11"]
[EventCountry "IND"]
[SourceTitle "CBM 027 Extra"]
[Source "ChessBase"]
[SourceDate "1992.05.01"]
[SourceVersion "1"]
[SourceVersionDate "1992.05.01"]
[SourceQuality "1"]

1. e4 c5 2. Nf3 d6 3. d4 cxd4 4. Nxd4 Nf6 5. Nc3 a6 6. Bg5 e6 7. f4 Be7 8. Qf3 Qc7 9. 0-0-0 Nbd7 10. Bd3 b5 11. Rhe1 Bb7 12. Nd5 Nxd5 13. exd5 Bxg5 14. Rxe6+ fxe6 15. Qh5+ g6 16. Bxg6+ Ke7 17. Qxg5+ Nf6 18. Nf5+ exf5 19. Re1+ 1-0